00866cam a22002414a 4500999001500000001000500015003000900020005001700029008004100046020001500087040002800102082001800130110001600148245008200164260007700246300004500323504005300368650002300421650003900444650001300483942001200496952011600508 c4890d48904591BD-DhUAP20201123151746.0201123r20012000wauab b 001 0 eng  a1569734437 aDLCcDLCdBD-DhUAPbeng00a333.7 WOR223 aWorld Bank.00aWorld resources 2000-2001 :bpeople and ecosystems : the fraying web of life. aWashington, D.C. :bWorld Resources Institute, cc2000 [Reprinted 2001]. aix, 389 pages :billustrations :c27 cm. aIncludes bibliographical references and indexes. 0aNatural resources. 0aNaturexEffect of human beings on. 0aEcology. 2ddccBK 00102ddc4070aUAPCLbUAPCLcGeneral Stacksd2020-11-23o333.7 WORp3010004591r2020-11-23t1w2020-11-23yBK